| 000 | 03895nam a2200313 a 4500 | ||
|---|---|---|---|
| 001 | |||
| 003 | DO-SdBNP | ||
| 005 | 20230124100001.0 | ||
| 008 | 090615s2000 dr 001 0 spa d | ||
| 040 |
_aDO-SdBNP _bspa _cBPMSU |
||
| 082 | 4 |
_a327.07 _bR426c 2000 _222 |
|
| 110 | 2 |
_aRepública Dominicana _bSecretaría de Estado de Relaciones Exteriores. Escuela Diplomática y Consular |
|
| 245 | 1 | 0 |
_aCátedras magistrales / _cJuan Luis Cebrián ...[et. al] |
| 260 |
_aSanto Domingo : _bSecretaría de Estado de Relaciones Exteriores _c2000 |
||
| 300 |
_a272 p. ; _c23 cm. |
||
| 500 | _a | ||
| 500 | _aIncluye referencias bibliográficas y notas al pie de las páginas. | ||
| 505 | _tFundamentos internos de la política exterior de los Estados Unidos / Howard Wiarda v.1 11 -- Relaciones internacionales entre Estados Unidos, América Latina y el Caribe en el siglo XXI / Howard Wiarda v.1 27 -- La política exterior de Francia / Pascal Chaigneau v.1 43 -- Francia en las relaciones internacionales en el comienzo del siglo XXI / Pierre Grosser v.1 65 -- Una política audiovisual exterior al servicio de la diversidad cultural / Jean Claude Moyret v.1 73 -- América Latina en el siglo XXI. Una visión estratégica / Luis Maira v.1 85 -- Retos y oportunidades de la globalización en la República Dominicana / Andrés Dauhjare v.1 141 -- Acuerdos y tratados de libre comercio / Maritza Amalia Guerrero y Miguel Angel Heredia Bonetti v.1 151 -- Ciencia y tecnología para el desarrollo en el contexto de la globalización / Diógenes Aybar v.1 189 -- De inventos, patentes y globalización / Doroteo Rodríguez v.1 223 -- Integración económica / Gedeón Santos v.1 251 -- América Latina en el último tercio del siglo XX: Proyectos políticos e inserción internacional / Luis Maira v.2 9 -- Crítica a la globalización / Luisa Navarro v.2 51 -- El relacionamiento externo del Mercosur: avances y perspectivas / Guillermo Hillcoat v.2 73 -- América Latina frente al cambio de siglo: retos y oportunidades / Luis Maira v.2 73 -- Política de Estados Unidos hacia América Latina y el Caribe / Jorge Domínguez v.2 145 -- Riesgos y venturas de la sociedad digital / Juan Luis Cebrián v.3 11 -- Gerencia y política de lo vecinal (el caso colombo - venezolano) / Leandro Area v.3 33 -- Formación de diplomáticos y negociadores para un orden internacional en construcción / Luisa Navarro v.3 49 -- La diplomacia del nuevo orden internacional: Unilateral, multilateral o plurilateral? / Frederic Emam-Zadé Gerardino v.3 57 -- El periodismo y la diplomacia / Luis Narváez Rivadeneira v.3 65 -- El estatuto de nacionalidad dominicana: argumentaciones fundamentales / Lupo Hernández Rueda v.3 95 -- Lo que hay que saber de Haití y República Dominicana para unas relaciones diáfanas / Euclides Gutiérrez Félix v.3 109 -- Situación de la inmigración haitiana / Danilo Díaz v.3 149 -- Impacto de los informes de los organismos regionales y multilaterales en las políticas internacionales de RD-Haití / Angel Lockward v.3 187 -- Geopolítica de la isla de Santo Domingo: migración haitiana y seguridad nacional / Pelegrín Castillo v.3 211 -- La comisión mixta domínico-haitiana / Wenceslao Guerrero Cambier v.3 231 -- La globalización o el espejo de la Barbie / María del Carmen Vicente v.3 257 -- Negociación o calidad de vida: estrategia de integración regional de la República Dominicana / Marcos Barinas Uribe v.3 265 | ||
| 563 | _aTres títulos encuadernado juntos con paginación continua | ||
| 590 | _aInventariado,2021/VM | ||
| 650 | 4 | _aDerecho internacional | |
| 650 | 4 |
_aPolítica internacional _ySiglo XX |
|
| 651 | 4 |
_aEstados Unidos _xRelaciones Exteriores _zAmérica Latina |
|
| 700 | 1 |
_aCebrián, Juan Luis _d _e |
|
| 740 | _aLos regímenes matrimoniales | ||
| 740 | _aLas sucesiones legales | ||
| 910 | _aVMateo V./Validado | ||
| 942 |
_2ddc _cBK |
||
| 999 |
_c14330 _d14330 |
||